Clubes de España "Reales" por Imagen - Estadísticas

Estadísticas generales
  • Esta prueba ha sido intentada 68 veces
  • La puntuación promedio es 13 de 24
Estadísticas de respuestas
Imagen Respuesta % Correcto
Real Madrid
100%
Real Betis Balompié
97%
Real Zaragoza
93%
Real Deportivo La Coruña
92%
Real Valladolid
90%
Real Racing de Santander
87%
Real Celta de Vigo
85%
Real Deportivo Mallorca
80%
Real Oviedo
77%
Real Murcia
75%
Real Sporting de Gijón
75%
Real Recreativo Huelva
66%
Real Jaén
57%
Real Unión Club
46%
Real Burgos
36%
Real Ávila
21%
Real Avilés Industrial
21%
Real Balompédica Liniense
16%
Real Sociedad Gimnástica de Torrelavega
10%
Real Unión de Tenerife
10%
Real España
8%
Real Sociedad Deportiva Alcalá
8%
Real Deportivo Carabanchel
5%
Real Titánico de Laviana
5%
No se encontraron pruebas coincidentes
Distribución de puntuación
Porcentaje de gente con cada puntuación
Porcentaje por número respondido
Historial de tus puntuaciones
No has intentado esta prueba.